000 00828nam a2200289Ia 4500
005 20260324124852.0
008 008 260324s9999 xx 000 0 eng d
020 _a9781003578000
037 _aEBOOK
040 _aCRL
040 _beng
040 _cCRL
041 _2eng
041 _aeng
084 _qCRL
100 _aClements Robert Markham
_91175808
245 0 _aReports on the Discovery of Peru: I. Report of Francisco de Xeres, Secretary to Francisco Pizarro. II.- Edited Title
245 0 _bI. Report of Francisco de Xeres, Secretary to Francisco Pizarro. - Edited Sub Title
260 _bTaylor and Francis
260 _c2010
365 _a
365 _b115
856 _uhttp://www.taylorfrancis.com/books/9781003578000
942 _cEBOOK
999 _c1770577
_d1770577